The Legend of Zelda: Breath of Wild Foods (Elixirs) - Statistics

General Stats
  • This quiz has been taken 63 times
  • The average score is 6 of 12
Answer Stats
Elixir % Correct
Fairy Tonic
85%
Fireproof Elixir
71%
Hasty Elixir
63%
Hearty Elixir
61%
Mighty Elixir
51%
Sneaky Elixir
51%
Spicy Elixir
51%
Chilly Elixir
46%
Tough Elixir
46%
Enduring Elixir
44%
Energizing Elixir
27%
Electro Elixir
24%
No matching quizzes found
Score Distribution
Percent of People with Each Score
Percentile by Number Answered
Your Score History
You have not taken this quiz